Titles Based on Shakespearean Phrases Quiz Stats

 Plays Quiz not verified by Sporcle

Score 0/15 Timer 10:00
0 Plays Today
Play Title % Correct
The TempestBrave New World
69.2%
MacbethSomething Wicked This Way Comes
46.2%
MacbethThe Sound and the Fury
46.2%
MacbethBy the Pricking of My Thumbs
34.6%
HamletInfinite Jest
34.6%
Henry VBand of Brothers
19.2%
Richard IIIThe Winter of Our Discontent
15.4%
HamletWhat Dreams May Come
15.4%
Play Title % Correct
Twelfth NightSad Cypress
11.5%
The Life and Death of King JohnTwice-Told Tales
7.7%
MacbethWyrd Sisters
7.7%
HamletTime Out of Joint
3.8%
King LearEvery Inch a King
3.8%
Antony and CleopatraBeds in the East
3.8%
CoriolanusThe Exile Kiss
3.8%

You're not logged in!

Compare scores with friends on all Sporcle quizzes.
Join for Free
OR
Log In

You Might Also Like...

Show Comments

Extras

Created Dec 28, 2011ReportNominate
Tags:Shakespeare Quiz

Top Quizzes Today


Score Distribution

Your Account Isn't Verified!

In order to create a playlist on Sporcle, you need to verify the email address you used during registration. Go to your Sporcle Settings to finish the process.

Report this User

Report this user for behavior that violates our Community Guidelines.

Details: